Maccas Menu item quiz - Statistics

General Stats
  • This quiz has been taken 102 times
  • The average score is 16 of 42
Answer Stats
Categories Answer % Correct
Beef Big Mac
95%
Beef Cheeseburger
90%
Beef Quarter Pounder
83%
Chicken McChicken
75%
Beef Double Cheeseburger
73%
Fish Filet o'fish
73%
Beef Triple Cheeseburger
68%
Beef Hamburger
65%
Beef Double Quarter Pounder
63%
Beef Double Big Mac
57%
Breakfast Hash Brown
49%
Chicken McSpicy
46%
Breakfast Sausage Mcmuffin
46%
Chicken Chicken and Cheese
43%
Nuggets 6 Chicken Nuggets
41%
Breakfast Bacon & Egg Mcmuffin
41%
Other Fries
41%
Breakfast Hotcakes
40%
Nuggets 10 Chicken Nuggets
38%
Nuggets 20 Chicken Nuggets
38%
Nuggets 24 Chicken Nuggets
38%
Beef Classic Angus
38%
Nuggets 3 Chicken Nuggets
35%
Fish Double Filet
35%
Nuggets 40 Chicken Nuggets
33%
Breakfast Sausage & Egg Mcmuffin
32%
Chicken Double McChicken
27%
Beef Bacon Angus
25%
Chicken Chicken Snack Wrap
25%
Other Apple Pie
21%
Chicken Chicken Deluxe
21%
Breakfast Big Brekkie Burger
19%
Chicken Chicken Aioli Wrap
11%
Chicken Chicken Caesar Wrap
11%
Chicken Mcbites
11%
Breakfast Mighty Muffin
11%
Other Apple Slices
10%
Other Cookies
10%
Other Garden Salad
8%
Other Grape Tomatoes
5%
Chicken Chicken Caeser Salad
2%
Chicken Chicken Classic Salad
2%
No matching quizzes found
Score Distribution
Percent of People with Each Score
Percentile by Number Answered
Your Score History
You have not taken this quiz